The EARLT years foundation stage: . theory and practice
Uloženo v:
| Médium: | Kniha |
|---|---|
| Jazyk: | angličtina |
| Vydáno: |
Sage Publications,
2016.
|
| Tagy: |
Přidat tag
Žádné tagy, Buďte první, kdo vytvoří štítek k tomuto záznamu!
|
MARC
| LEADER | 00000nam a22000007a 4500 | ||
|---|---|---|---|
| 008 | 210528b ||||| |||| 00| 0 eng d | ||
| 020 | |a 978-1-47390-820-8 | ||
| 245 | |a The EARLT years foundation stage: . |b theory and practice |c edited by Ioanna Palaiologou |g xxviii, 480p.; ill. | ||
| 250 | |b 3rd ed. |c edited by Ioanna Palaiologou | ||
| 260 | |b Sage Publications, |c 2016. |h Los Angeles, CA: |i 692224 |i 692225 |l LB1139.3 .Ea7 |m Early childhood education. |m Early childhood education – Great Britain. | ||
| 500 | |a “It includes references and index” | ||
| 942 | |a lcc |c BK |e Adeniran, F. A |f 28/05/2021 | ||
| 952 | |0 0 |1 0 |2 lcc |4 0 |6 LB11393 E A7 |7 0 |9 2479 |a HOL |b ED |c LP |d 2021-05-28 |l 0 |o LB1139.3 .Ea7 |p 2021-6331 |r 2021-05-28 00:00:00 |w 2021-05-28 |y BK | ||
| 952 | |0 0 |1 0 |2 lcc |4 0 |6 LB11393 E A7 |7 0 |9 2480 |a HOL |b HOL |c LP |d 2021-05-28 |l 0 |o LB1139.3 .Ea7 |p 2021-6332 |r 2021-05-28 00:00:00 |w 2021-05-28 |y BK | ||
| 999 | |c 1291 |d 1291 | ||